书目信息 |
| 题名: |
高等教育评估与质量保证研究
|
|
| 作者: | 张彦通 编著 | |
| 分册: | ||
| 出版信息: | 北京 北京航空航天大学出版社 2011 |
|
| 页数: | 315页 | |
| 开本: | 23cm | |
| 丛书名: | ||
| 单 册: | ||
| 中图分类: | G649.21 | |
| 科图分类: | ||
| 主题词: | 高等教育--Gao Deng Jiao Yu--教育质量--教育评估--研究--中国 | |
| 电子资源: | ||
| ISBN: | 978-7-81124-561-5 | |
| 000 | 00753nam 2200241 450 | |
| 001 | 012001003370 | |
| 005 | 20131025174128.0 | |
| 010 | @a978-7-81124-561-5@dCNY54.00 | |
| 099 | @aCAL 012012149952 | |
| 100 | @a20100630d2011 em y0chiy50 ea | |
| 101 | 0 | @achi |
| 102 | @aCN@b110000 | |
| 105 | @aak a 000yy | |
| 106 | @ar | |
| 200 | 1 | @a高等教育评估与质量保证研究@AGao Deng Jiao Yu Ping Gu Yu Zhi Liang Bao Zheng Yan Jiu@f张彦通编著 |
| 210 | @a北京@c北京航空航天大学出版社@d2011 | |
| 215 | @a315页@c图@d23cm | |
| 320 | @a有书目 | |
| 606 | 0 | @a高等教育@AGao Deng Jiao Yu@x教育质量@x教育评估@x研究@y中国 |
| 690 | @aG649.21@v5 | |
| 701 | 0 | @a张彦通@AZhang Yan Tong@4编著 |
| 801 | 2 | @aCN@b江苏凤凰@c20191020 |
| 905 | @b1226672-5@dG649.21@e1333@f4 | |
| 高等教育评估与质量保证研究/张彦通编著.-北京:北京航空航天大学出版社,2011 |
| 315页:图;23cm |
| ISBN 978-7-81124-561-5:CNY54.00 |
| ● |
| 相关链接 |
|
|
|
|
正题名:高等教育评估与质量保证研究
索取号:G649.21/1333
 
预约/预借
| 序号 | 登录号 | 条形码 | 馆藏地/架位号 | 状态 | 备注 |
| 1 | 1226672 | 212266723 | 第一样本阅览室/ [索取号:G649.21/1333] | 在馆 | |
| 2 | 1226673 | 212266732 | 教育系资料室/ [索取号:G649.21/1333] | 在馆 | |
| 3 | 1226674 | 212266741 | 教育系资料室/ [索取号:G649.21/1333] | 在馆 | |
| 4 | 1226675 | 212266750 | 第四借阅区/ [索取号:G649.21/1333] | 在馆 |